002510000a220007300045001000024000002450078000243000053001027730022001551 aMargalith, Othoniel10aThe political background of Zerubbabel's mission and the Samaritan schism aVol. 41, Num. 3 (Julio, 1991), Páginas 312-3230 tVetus Testamentum